[Event "San Jose Metropolitano op-B 45th"]
[Site "San Jose"]
[Date "2024.12.26"]
[Round "1"]
[White "Baquero Montoya, Carlos Alfonso"]
[Black "Jimenez Valverde, Benjamin Isaac"]
[Result "0-1"]
[WhiteElo "1879"]
[BlackElo "1516"]
[PlyCount "58"]
[EventDate "2024.12.26"]
[EventType "tourn"]
[EventRounds "9"]
[EventCountry "CRI"]
[SourceTitle "CB02_2025"]
[SourceDate "2025.01.08"]
[SourceVersion "1"]
[SourceVersionDate "2025.01.08"]
[SourceQuality "1"]

1. e4 c5 2. Nf3 e6 3. c3 d5 4. Be2 dxe4 5. Qa4+ Bd7 6. Qxe4 Bc6 7. Qc2 Nf6 8. d3 Nbd7 9. h3 Be7 10. Be3 Qc7 11. Nbd2 Nd5 12. Nf1 Ne5 13. Bd2 Ng6 14. Ne3 Ndf4 15. Bd1 Nh4 16. Nxh4 Bxh4 17. Bf3 Bxf3 18. gxf3 Rd8 19. Ng4 Nxd3+ 20. Kf1 h5 21. Ne3 Bxf2 22. Ng2 Qg3 23. Qa4+ Rd7 24. Qe4 0-0 25. Nf4 Qh4 26. Rh2 Bg3 27. Nxd3 Qxe4 28. fxe4 Bxh2 29. Ke2 Rfd8 0-1